Calle la Pantomima - Estadísticas

Estadísticas generales
  • Esta prueba ha sido intentada 19 veces
  • La puntuación promedio es 194 de 247
Estadísticas de respuestas
Hint Respuesta % Correcto
- calle
94%
- la
94%
- La
94%
- Pantomima
94%
- a
88%
- de
88%
- donde
88%
- las
88%
- los
88%
- mi
88%
- se
88%
- y
88%
- calles
82%
- con
82%
- en
82%
- no
82%
- para
82%
- por
82%
- que
82%
- si
82%
- un
82%
- una
82%
- vi
82%
- balcones
76%
- dias
76%
- gatos
76%
- locos
76%
- miedo
76%
- plantas
76%
- policia
76%
- ratones
76%
- tienen
76%
- to'
76%
- vez
76%
- vida
76%
- vivo
76%
- caricias
71%
- coño
71%
- cultivaban
71%
- entre
71%
- fumaban
71%
- hace
71%
- Hubo
71%
- huevos
71%
- lerelere
71%
- luna
71%
- mucho
71%
- nos
71%
- otra
71%
- pasaba
71%
- peatones
71%
- pequeño
71%
- piratas
71%
- ponia
71%
- ponía
71%
- ratas
71%
- ruido
71%
- sepan
71%
- ser
71%
- silencio
71%
- sobre
71%
- tacones
71%
- tiempo
71%
- toque
71%
- tus
71%
- al
65%
- arte
65%
- bobos
65%
- camellos
65%
- dejaba
65%
- del
65%
- grita
65%
- hostias
65%
- leyes
65%
- mayor
65%
- me
65%
- piernas
65%
- pifias
65%
- soñadores
65%
- almohada
59%
- besos
59%
- botellas
59%
- Campanilla
59%
- despertarme
59%
- dos
59%
- escapaba
59%
- payasos
59%
- sueño
59%
- tratos
59%
- trucos
59%
- tuve
59%
- ventana
59%
- cojones
53%
- descuido
53%
- estereo
53%
- hagan
53%
- todos
53%
- vasos
53%
- excesos
47%
- nadie
47%
- sobresaltado
47%
- sucios
47%
- perdonan
41%
No se encontraron pruebas coincidentes
Distribución de puntuación
Porcentaje de gente con cada puntuación
Porcentaje por número respondido
Historial de tus puntuaciones
No has intentado esta prueba.